000 00745nam a2200253Ia 4500
003 OSt
005 20221005102748.0
006 a|||||r|||| 00| 0
007 ta
008 221004b |||||||| |||| 00| 0 eng d
024 _a28095
037 _cTextual
040 _aCRL
_cCRL
_beng
041 _2eng
_aeng
082 _aD65,8(2:55), M4
100 _aGenaway David C
_947714
245 0 _aIntegrated online library systems
_b Principles, planning and implementation
260 _aWhite
_bPlains Knowledge Industry USA
_c1984
300 _a151p.
_ccm.
490 _aProfessional Librarian series
650 _aENGINEERING
942 _hD65,8(2:55), M4
_cTEXL
_2cc
999 _c1008898
_d1008898